000 01151cam a22003011 4500
001 gs 37000003
003 DLC
005 20260227111341.0
008 830504s1936 nju 000 0 eng c
010 _ags 37000003
035 _a(OCoLC)9478612
040 _aU. S. Geol. Survey. Library
_cGStG
_dOCoLC
_dDLC
042 _apremarc
050 0 0 _aTD224.N5
_bA47 no. 6
100 1 _aBarksdale, Henry C.
_q(Henry Compton)
_d1898-
245 1 0 _aSupplementary report on the ground-water supplies of the Atlantic City region,
_cby Henry C. Barksdale, Raymond W. Sundstrom, and Maurice S. Brunstein.
260 _a[Trenton, N.J.,
_c1936]
300 _aix, 139 p.
_bincl. maps, tables, diagrs.
_c23 cm.
410 1 0 _aNew Jersey.
_bState Water Policy Commission.
_t[Special report,
_v6]
500 _a"Prepared in cooperation with the United States Geological Survey."
504 _a"References": p. 133.
650 0 _aWater-supply
_zNew Jersey.
650 0 _aGroundwater
_zNew Jersey.
650 0 _aWater-supply
_zNew Jersey
_zAtlantic City.
700 1 _aSundstrom, Raymond W.
700 1 _aBrunstein, Maurice S.
710 2 _aGeological Survey (U.S.)
999 _c27317
_d27317